000 00675nam a2200229Ia 4500
003 OSt
005 20220918200351.0
006 a|||||r|||| 00| 0
007 ta
008 220917b |||||||| |||| 00| 0 eng d
024 _a88,509
037 _cTextual
040 _aARTS
_cARTS
_beng
041 _2eng
_aeng
082 _aT4v20r73.M93<-M83, L8
100 _aBose Anima
_942939
245 0 _aHigher education in India in the 19th century
_b the American involvement 1883-1893
260 _aCalcutta
_bPunthi Pustak
_c1978
650 _aHIGHER EDUCATION
942 _hT4v20r73.M93<-M83, L8
_cTEXL
_2CC
999 _c212197
_d212197